High-speed Machining

Salvato in:
Dettagli Bibliografici
Autore principale: Erdel, Bert P. (Autore)
Natura: Libro
Lingua:inglese
Pubblicazione: Deaborn : SME, 2003
Soggetti:
Tags: Aggiungi Tag
Nessun Tag, puoi essere il primo ad aggiungerne!!

MARC

LEADER 00000nam a22000003a 4500
001 stu196923
005 20150617230019.4
008 091208s2003----xxu-----------------eng-d
020 |a 0-87263-649-6 
040 |a STU  |b slo 
041 0 |a eng 
044 |a xxu 
080 |a 621.9  |7 stu_us_auth*stu8061 
100 1 |a Erdel, Bert P.  |4 aut 
245 1 |a High-speed Machining 
260 |a Deaborn :  |b SME,  |c 2003 
300 |a 247 s 
650 7 |a vysokorýchlostné obrábanie  |2 stusub 
996 |b 284M071912  |c M*12656-1  |l MMKN  |s A  |a 24  |w stu196923_0001